expressions françaises (version polese) - Statistiques

Statistiques générales
  • Ce quiz a été pris 2 fois
  • Le résultat moyen est 31 sur 44
Statistiques - réponses
Hint Réponse % Correct
allo la terre,... allo la terre, ici la lune
100%
avoir du grain... avoir du grain a moudre
100%
bon après vous bro… bon après vous brodez
100%
ça mange pas... ça mange pas de pain
100%
eh ben… eh ben non
100%
eh o... ! eh oui !
100%
et pa... et pa... et patati et patata
100%
faut pas pousser mémé dans les orties faut pas pousser mémé dans les rosiers
100%
il faut ménager… il faut ménager la chèvre et le chou
100%
innocente les mains... innocente les mains pleines
100%
le coup d'épée... le coup d'épée dans l'eau
100%
le mec le gadjo
100%
les communistes les cocos
100%
marcher sur des... marcher sur des œufs
100%
ne pas mettre la char… ne pas mettre la charrue avant les bœufs
100%
noel au balcon,... noel au balcon, pâques au tison
100%
oh pé... ! oh pétard !
100%
on embr... ! on embraye !
100%
on voit que la ma... on voit que la mayonnaise prend
100%
pouh, ça sent le... pouh, ça sent le renard
100%
prendre le train... prendre le train en marche
100%
qui peut le plus… qui peut le plus peut le moins
100%
se faire ba... se faire banané
100%
se fendre la poire se fendre la pêche
100%
sortez la... sortez la voix !
100%
vous pouvez répéter la question ? Stéphanie de monaco
100%
tout le ba…in tout le baratin
100%
c’est cuicui… c'est cuicui les petits oiseaux
50%
c'est un lycée de ... C'est un lycée de baka
50%
il faut en mettre un peu plus dans la... il faut en mettre un peu plus dans la louche
50%
mettre un dernier coup de collier mettre un dernier coup de rein
50%
non nein
50%
oh vous êtes pas ... vous ! oh vous êtes pas marseillaise vous !
50%
.... mousseline puré
50%
vous êtes obligés de vous farc… vous êtes obligés de vous farcir la concurrence
50%
alors en france ... on se plaint... alors en france cocorico on se plaint tout le temps
0%
c'est le renard par... c'est le renard par l'odeur aléché
0%
c'est tout le temps la même... c'est tout le temps la même soupe
0%
en gr... cela en gros c'est cela
0%
on le dit de quelque chose de simple fastoche
0%
il faut plus de … là il faut plus de billes là
0%
mois de mai... mois de mai fait ce qui te plaît
0%
on le dit de quelque chose qui est en désordre ou confu (écriture complexe attention) pêle-mêle
0%
synthétiser en… synthétiser en deux coups de cuillères a pots
0%
Aucun quiz correspondant
Distribution des résultats
% des personnes avec chaque résultat
Percentile par nombre de réponses
Votre historique - résultats
Vous n’avez pas pris ce quiz